000 00733nam a22002297a 4500
999 _c13330
_d13330
003 AR-CdUCM
008 190412b ||||| |||| 00| 0 spa d
020 _a978-612-309-015-9
040 _aMUNICIPALIDAD PROVINCIAL DEL CUSCO
_cBIBLIOTECA MUNICIPAL DEL CUSCO
082 _aEP / 372.808 /
_bC48
100 _aCerna Guardia, Rosa
_92656
245 _aQuiquito, el Pollito /
260 _aLima :
_bSantillana ;
_c2012.
300 _a35 páginas ;
_bIlustraciones
_c22cm
440 _aCuenta Cosas - Alfaguara
_931695
505 _aContenido: Cuentos
650 _aCuentos
_9312
650 _aEducación primaria
_91561
700 _aTorres, Williams (ilustración)
_931698
942 _2ddc
_cLIBROS
945 _anom
_d2019-04-12